| 000 | 00556cam a2200205 4500 | ||
|---|---|---|---|
| 001 | 3125340 | ||
| 005 | 20180221042021.0 | ||
| 008 | 700404s1969 cau b 101 0 eng | ||
| 010 | _a 69013166 | ||
| 040 |
_aDLC _cDLC _dDLC |
||
| 041 | _aeng | ||
| 080 | _a309.173 | ||
| 082 | 0 | 0 | _a309.173 WEA |
| 100 | _a20 | ||
| 101 | _aSHP | ||
| 245 | 0 | 0 |
_aPoverty, new interdisciplinary perspectives / _cedited by Thomas Weaver and Alvin Magid. |
| 504 | _aBibliographical footnotes. | ||
| 906 |
_a7 _bcbc _corignew _du _encip _f19 _gy-gencatlg |
||
| 942 |
_2ddc _cBK |
||
| 999 |
_c43018 _d43018 |
||